000
00273nam a2200121Ia 4500
005
20251222143303.0
008
251222s9999||||xx |||||||||||||| ||spa||
082
_a
531.6/V41
100
_a
Velkin, I.
245
0
_a
La EnergĂa y la Vida:
264
_b
Cartago
942
_c
LIB
999
_c
15413
_d
15413